Essay annual
Enregistré dans:
| Auteur principal: | |
|---|---|
| Format: | Livre |
| Langue: | Undetermined |
| Publié: |
Chicago
Scott, Foresman and Co.
1938
|
| Sujets: | |
| Tags: |
Ajouter un tag
Pas de tags, Soyez le premier à ajouter un tag!
|
| Thư viện lưu trữ: | Trung tâm Học liệu Trường Đại học Cần Thơ |
|---|
| LEADER | 00485nam a2200181Ia 4500 | ||
|---|---|---|---|
| 001 | CTU_227606 | ||
| 008 | 210402s9999 xx 000 0 und d | ||
| 082 | |a 814 | ||
| 082 | |b W231 | ||
| 100 | |a Walter, Erich. A. | ||
| 245 | 0 | |a Essay annual | |
| 245 | 0 | |c Erich. A. Walter | |
| 260 | |a Chicago | ||
| 260 | |b Scott, Foresman and Co. | ||
| 260 | |c 1938 | ||
| 650 | |a Tiểu luận Mỹ,American essays | ||
| 910 | |b dqhieu | ||
| 980 | |a Trung tâm Học liệu Trường Đại học Cần Thơ | ||